Vài nét về việc đào tạo cán bộ chuyên môn ở các nước xã hội chủ nghĩa : Tài liệu tham khảo về cải cách giáo dục
Guardado en:
| Formato: | Sách giấy |
|---|---|
| Lenguaje: | Vietnamese |
| Publicado: |
H. :
Sự thật,
1980.
|
| Etiquetas: |
Agregar Etiqueta
Sin Etiquetas, Sea el primero en etiquetar este registro!
|
| Thư viện lưu trữ: | Thư viện Trường Đại học Đà Lạt |
|---|
| LEADER | 00698nam a2200277 4500 | ||
|---|---|---|---|
| 001 | DLU140160461 | ||
| 005 | ##2014303 | ||
| 040 | # | # | |a DLU |b vie |
| 041 | # | # | |a vie |
| 044 | # | # | |a vn |
| 082 | # | # | |a 331.259 |b Vai |
| 245 | # | # | |a Vài nét về việc đào tạo cán bộ chuyên môn ở các nước xã hội chủ nghĩa : |b Tài liệu tham khảo về cải cách giáo dục |
| 260 | # | # | |a H. : |b Sự thật, |c 1980. |
| 300 | # | # | |a 140 tr. ; |c 19 cm. |
| 923 | # | # | |a TL |
| 991 | # | # | |a SH |
| 992 | # | # | |a 0,95 |
| 994 | # | # | |a DLU |
| 900 | # | # | |a True |
| 911 | # | # | |a Nguyễn Thị Tưởng |
| 925 | # | # | |a G |
| 926 | # | # | |a A |
| 927 | # | # | |a SH |
| 980 | # | # | |a Thư viện Trường Đại học Đà Lạt |